| 000 | 00791cam a2200277 4500500 | ||
|---|---|---|---|
| 005 | 20260329005253.0 | ||
| 041 | _afre | ||
| 042 | _adc | ||
| 100 | 1 | 0 |
_ade Oliveira, Victorine _eauthor |
| 245 | 0 | 0 | _aWilliam James, l’expérience en héritage |
| 260 | _c2023. | ||
| 500 | _a52 | ||
| 690 | _aBruno Latour | ||
| 690 | _aCharles Sanders Peirce | ||
| 690 | _aDewey | ||
| 690 | _aExpérience | ||
| 690 | _aHilary Putnam | ||
| 690 | _aJoëlle Zask | ||
| 690 | _aPragmatisme | ||
| 690 | _aQuine | ||
| 690 | _aRichard Rorty | ||
| 690 | _aVérité | ||
| 690 | _aWilliam James | ||
| 786 | 0 | _nPhilosophie magazine | 166 | 1 | 2023-02-01 | p. 39-39 | 1951-1787 | |
| 856 | 4 | 1 | _uhttps://shs.cairn.info/magazine-philosophie-magazine-2023-1-page-39?lang=fr&redirect-ssocas=7080 |
| 999 |
_c1841849 _d1841849 |
||